000 00884nam a2200289 a 4500
001 000115463
003 CHAP
005 20220329144535.0
008 190524s2017 mx a |r| ||||||spa d
010 _a111924
011 _a112896
020 _a9786079645618
040 _cCHAP
082 0 4 _a633.150972
_bH14
245 0 0 _aHagamos milpa :
_bfortalezcamos la agricultura campesina /
_ccoordinado por Adelita San Vicente Tello.
260 _aMéxico, D.F. :
_bUAM. Unidad Xochimilco,
_c2017.
300 _a208 p. :
_bil.
590 _aE5765TAJ
_b05
_c20190524
_lUCH01
_h1230
650 1 4 _aAgricultura sustentable
_zMéxico.
_9128970
650 1 4 _aAgricultura tradicional.
_92029
650 1 4 _aMaíz
_xAspectos económicos.
_970865
650 1 4 _aMaíz
_zMéxico.
_971098
700 1 _aSan Vicente Tello, Adelita
_ecoord.
_9135742
901 _aBK
942 _cLIBRO
942 _n0
999 _c111924
_d111924